Statistiche per Quiz Cultura Generale - Quiz n°77

Clicka qui per fare il quiz!

Statistiche generali

  • Questo quiz è stato fatto 61 volte
  • Il punteggio medio è 36 su 45

Statistiche sulle risposte

DomandaCasellaSelect% Corretto
Seleziona gli strumenti a cordeChitarra
100%
Seleziona gli strumenti a cordeArpa
98%
Seleziona gli strumenti a cordeFluato traversoNo
98%
Seleziona gli strumenti a cordeOboeNo
98%
Seleziona gli strumenti a cordeTamburelloNo
98%
Seleziona le opere di ShakespeareUlisseNo
96%
Seleziona gli strumenti a cordeViola
96%
Seleziona le montagne facenti parte della Catena delle AlpiMonte Bianco
94%
Seleziona le opere di ShakespeareRomeo e Giulietta
94%
Seleziona le opere di ShakespeareAmleto
93%
Seleziona gli strumenti a cordeFagottoNo
93%
Seleziona le montagne facenti parte della Catena delle AlpiMonte Rosa
93%
Seleziona le specialità dello sci alpinoSlalom gigante
91%
Seleziona le opere di ShakespeareAspettando GodotNo
89%
Seleziona le opere di ShakespeareCanto di NataleNo
89%
Seleziona le opere di ShakespeareI Wandered Lonely as a CloudNo
89%
Seleziona le opere di ShakespeareMacbeth
89%
Seleziona le montagne facenti parte della Catena delle AlpiMonte TerminilloNo
89%
Seleziona i personaggi presenti nell'IliadeTurnoNo
89%
Seleziona le specialità dello sci alpinoCurlingNo
87%
Seleziona le specialità dello sci alpinoDiscesa libera
87%
Seleziona i personaggi presenti nell'IliadeAchille
85%
Seleziona le montagne facenti parte della Catena delle AlpiMonte Cervino
85%
Seleziona le specialità dello sci alpinoBobNo
81%
Seleziona gli strumenti a cordeContrabbasso
81%
Seleziona le specialità dello sci alpinoSlalom speciale
81%
Seleziona i personaggi presenti nell'IliadeMenelao
80%
Seleziona le montagne facenti parte della Catena delle AlpiMonte VettoreNo
80%
Seleziona le specialità dello sci alpinoSkeletonNo
80%
Seleziona i personaggi presenti nell'IliadeEttore
78%
Seleziona le montagne facenti parte della Catena delle AlpiGran Sasso d'ItaliaNo
78%
Seleziona le specialità dello sci alpinoSlittinoNo
78%
Seleziona le specialità dello sci alpinoBiathlonNo
76%
Seleziona i personaggi presenti nell'IliadeCirceNo
76%
Seleziona i personaggi presenti nell'IliadePriamo
76%
Seleziona le montagne facenti parte della Catena delle AlpiMonte CimoneNo
74%
Seleziona le opere di ShakespeareIl Mercante di Venezia
70%
Seleziona i personaggi presenti nell'IliadePolifemoNo
70%
Seleziona i personaggi presenti nell'IliadeDidoneNo
67%
Seleziona le specialità dello sci alpinoSupergigante
67%
Seleziona le montagne facenti parte della Catena delle AlpiGran Paradiso
61%
Seleziona i personaggi presenti nell'IliadeBriseide
48%
Seleziona gli strumenti a cordePianoforte
39%
Seleziona le opere di ShakespeareLa bisbetica domata
37%
Seleziona le montagne facenti parte della Catena delle AlpiAdamello
28%

Distribuzione punteggi

Percentile per numero di risposta

Percentuale di utenti per punteggio

I tuoi punteggi nel tempo

Non hai fatto questo quiz